000 00773nam a2200253Ia 4500
003 OSt
005 20221005033921.0
006 a|||||r|||| 00| 0
007 ta
008 221004b |||||||| |||| 00| 0 san d
020 _a9788171730261 (hbk)
_c650
024 _a14480
037 _b175, 24/09/2014, Vidyanidhi Prakashan
_cTextual
040 _aCRL
_cCRL
_bsan
041 _2san
_asan
082 _aP15,Cx1,1:g, 152Q4
100 _aPathak Manisha
_9446996
245 0 _aAshatadhyayi - parkararn - vimarsh
260 _aDelhi
_bDurga Publications India
_c2014
300 _a201p.
_ccm.
650 _aLINGUISTICS
942 _hP15,Cx1,1:g, 152Q4
_cTEXL
_2cc
999 _c942278
_d942278